[Event "Frantisek Zita Memorial (13. Prague Festival)"]
[Site "Praha"]
[Date "2017.07.01"]
[Round "1.1"]
[White "Soural, Jan"]
[Black "Strebkovs, Andrejs"]
[Result "0-1"]
[WhiteElo "2217"]
[BlackElo "2324"]
[Annotator ""]
[Source ""]
[Remark ""]

1.d4 g6 2.c4 d6 3.Nc3 Bg7 4.e4 e5 5.d5 c5 6.h4 h5 7.Bd3 Bh6 8.Nge2
Nd7 9.g3 Bxc1 10.Qxc1 Nh6 11.Qd2 a6 12.a4 Kf8 13.Nd1 Kg7 14.f3
Nf6 15.Nf2 Rb8 16.O-O Bd7 17.Nc3 Ne8 18.Rae1 Qe7 19.Kg2 Nc7 20.Qe2
Rbg8 21.Qe3 Kf8 22.Rb1 a5 23.Rh1 g5 24.Kf1 g4 25.f4 exf4 26.Qxf4
Rg6 27.Kg2 Rf6 28.Qg5 Ne8 29.Rbe1 Rg8 30.Qd2 Qe5 31.Rhf1 Rgg6
32.Nh1 Rxf1 33.Rxf1 Ng8 34.Qf4 Rf6 35.Qxe5 dxe5 36.Rxf6 Ngxf6
37.Nf2 Ke7 38.Kf1 Kd6 39.Ke2 Nc7 40.Nb5+ Bxb5 41.cxb5 Nce8 42.Bc4
Kc7 43.Kd3 Nd6 44.b3 Kd8 45.Ke3 Ke7 46.Bd3 Nd7 47.Nd1 Nb6 48.Nb2
f5 49.Nc4 Nbxc4+ 50.bxc4 fxe4 51.Bxe4 Nxc4+ 52.Kd3 Nb6 53.Bg6
Nxd5 54.Bxh5 Nf6 55.Bg6 b6 56.h5 Ng8 57.Ke4 Kf6 58.Be8 c4 59.Bc6
Nh6 60.Bd5 Nf5 61.Bxc4 Nxg3+ 62.Kd5 Nxh5 63.Kc6 e4 64.Kxb6 g3
65.Bf1 e3 66.Kxa5 g2 67.Bxg2 e2 68.Ka6 e1Q 69.a5 Nf4 70.Bc6 Qe6
71.Ka7 Qe7+ 72.Ka8 Qd8+ 0-1

[Event "Frantisek Zita Memorial (13. Prague Festival)"]
[Site "Praha"]
[Date "2017.07.01"]
[Round "1.2"]
[White "Kulhanek, Tomas"]
[Black "Burdalev, Kirill"]
[Result "0-1"]
[WhiteElo "2347"]
[BlackElo "2343"]
[Annotator ""]
[Source ""]
[Remark ""]

1.e4 e6 2.d4 d5 3.e5 c5 4.c3 Qb6 5.Nf3 Nc6 6.a3 Nh6 7.b4 cxd4
8.cxd4 Nf5 9.Bb2 Bd7 10.g4 Nfe7 11.Nc3 Na5 12.Rc1 Rc8 13.Nd2
Ng6 14.Rc2 Nc4 15.Nxc4 dxc4 16.Bc1 Bc6 17.Rg1 Rd8 18.Rd2 Be7
19.b5 Bxb5 20.Nxb5 Qxb5 21.Qc2 Bg5 22.Bxc4 Bxd2+ 23.Bxd2 Qc6
24.Bg5 O-O 25.Bxd8 Rxd8 26.Bb3 Rxd4 27.Qxc6 bxc6 28.Ke2 Nxe5
29.Rc1 Rd3 30.Rb1 g5 31.a4 a5 32.h4 h6 33.hxg5 hxg5 34.Bc2 Ra3
35.Bb3 c5 36.Bc2 Nc6 37.Kf1 c4 38.Rb5 Nd4 39.Rxg5+ Kf8 40.Be4
Ra1+ 41.Kg2 c3 42.Rxa5 c2 43.Bxc2 Nxc2 44.f4 Ne3+ 45.Kf3 Ra3
46.Ke4 Nxg4 47.f5 Ke7 48.Ra7+ Kf6 49.fxe6 fxe6 50.Ra8 Ne5 51.Rf8+
Nf7 52.Ra8 Ng5+ 53.Kd4 e5+ 54.Kc4 e4 55.Kb4 Rd3 56.Rf8+ Ke5 57.a5
e3 58.Rf1 Ke4 59.a6 e2 60.Re1 Ke3 61.a7 Rd8 62.Kb5 Kf2 63.Ra1
e1Q 64.Rxe1 Kxe1 65.Kb6 Ne6 66.Kb7 Nc5+ 67.Kb6 Ra8 0-1

[Event "Frantisek Zita Memorial (13. Prague Festival)"]
[Site "Praha"]
[Date "2017.07.01"]
[Round "1.3"]
[White "Rahul, Srivatshav Peddi"]
[Black "Vokoun, Jan"]
[Result "0-1"]
[WhiteElo "2295"]
[BlackElo "2104"]
[Annotator ""]
[Source ""]
[Remark ""]

1.d4 b6 2.e4 Bb7 3.Bd3 e6 4.c4 Nc6 5.Ne2 Nb4 6.O-O g6 7.Nbc3
Nxd3 8.Qxd3 Bg7 9.f4 Ne7 10.f5 exf5 11.exf5 Nxf5 12.g4 Ne7 13.d5
O-O 14.Ng3 d6 15.Nce4 b5 16.Bg5 bxc4 17.Qc2 Qd7 18.Rad1 Nxd5
19.Qxc4 Qc6 20.Qe2 Rae8 21.Qd2 Qb6+ 22.Qf2 f5 23.gxf5 gxf5 24.Nc3
Nxc3 25.bxc3 f4 26.Qxb6 axb6 27.Rxf4 Rxf4 28.Bxf4 Bxc3 29.Rd3
Bb4 30.h4 Re1+ 31.Kh2 Ra1 32.Nh5 Rxa2+ 33.Kh3 Kf7 34.Bg5 Kg6
35.Nf4+ Kf5 36.Rb3 Ra3 37.Rxa3 Bxa3 38.Ne2 Bb2 39.Bd8 c5 40.Bxb6
Be5 41.h5 Bf3 42.Nc1 Bxh5 43.Nd3 Bg4+ 44.Kh4 Bf6+ 45.Kg3 Be2
46.Nxc5 dxc5 47.Bxc5 h5 48.Bf2 h4+ 49.Kh2 Kg4 50.Bxh4 Bxh4 51.Kg2
Bg3 52.Kh1 Kf3 53.Kg1 Be5 54.Kh1 Kg3 55.Kg1 Bd4+ 0-1

[Event "Frantisek Zita Memorial (13. Prague Festival)"]
[Site "Praha"]
[Date "2017.07.01"]
[Round "1.4"]
[White "Pribyl, Josef"]
[Black "Prithu, Gupta"]
[Result "0-1"]
[WhiteElo "2256"]
[BlackElo "2293"]
[Annotator ""]
[Source ""]
[Remark ""]

1.c4 e5 2.Nc3 Nc6 3.g3 f5 4.Bg2 Nf6 5.d3 Bb4 6.Bd2 Bxc3 7.Bxc3
d6 8.Nf3 O-O 9.O-O Qe7 10.b4 Nd8 11.b5 Bd7 12.a4 Ne6 13.Nd2 c6
14.Nb3 Be8 15.Qd2 f4 16.e3 f3 17.Bxf3 Ng5 18.Bg2 e4 19.Nd4 c5
20.f4 cxd4 21.fxg5 dxc3 22.gxf6 cxd2 23.fxe7 Rxf1+ 24.Rxf1 Bh5
25.Bxe4 g5 26.g4 Bxg4 27.Bd5+ Kg7 28.Rf7+ Kg6 29.Rf1 d1Q 30.Rxd1
Bxd1 31.a5 Re8 32.Bxb7 Rxe7 33.a6 Rxe3 34.b6 axb6 35.a7 Re8 36.a8Q
Rxa8 37.Bxa8 h5 38.Kf2 Kf5 39.Ke3 Kg4 40.Bg2 Kf5 41.Bc6 h4 42.Bd7+
Kf6 43.Ke4 Bh5 44.Ke3 Bg6 45.Bg4 Bf5 46.Be2 Ke7 47.Bf1 Kd7 48.Bg2
Kc7 49.Bd5 Bd7 50.Be4 Be6 51.Kd4 Kb8 52.Bc6 Ka7 53.Bb5 Kb7 54.Ke4
Kc7 55.Ba4 Kd8 56.Bc6 Ke7 57.Ke3 Kf6 58.Be4 Ke5 59.Bf3 d5 60.cxd5
Bxd5 61.Be2 Bc6 62.d4+ Kd6 63.Kd2 Bd7 64.Bc4 b5 65.Be2 b4 66.Bd1
Kd5 67.Ke3 Kc4 68.Ke4 b3 69.Ke5 Kc3 70.Bh5 Bf5 71.Kxf5 b2 72.Kxg5
b1Q 73.Kxh4 Kxd4 74.Bg4 Ke3 75.Kg5 Qb8 76.h3 Qf4+ 77.Kg6 Ke4
78.Be6 Ke5 79.Bg4 Qf6+ 80.Kh7 Qg5 0-1

[Event "Frantisek Zita Memorial (13. Prague Festival)"]
[Site "Praha"]
[Date "2017.07.01"]
[Round "1.5"]
[White "Pribylova, Sofie"]
[Black "Istona, Martin"]
[Result "0-1"]
[WhiteElo "1970"]
[BlackElo "2263"]
[Annotator ""]
[Source ""]
[Remark ""]

1.d4 Nf6 2.Bf4 g6 3.e3 Bg7 4.Nf3 d6 5.h3 O-O 6.Be2 Nfd7 7.O-O
e5 8.Bh2 Nc6 9.c4 e4 10.Nfd2 f5 11.Nc3 Nf6 12.a3 Ne7 13.b4 g5
14.c5 Ng6 15.cxd6 cxd6 16.Rc1 Kh8 17.Qb3 d5 18.f3 f4 19.Nb5 Bf5
20.fxe4 dxe4 21.exf4 gxf4 22.Bxf4 Nxf4 23.Rxf4 Bg6 24.Rh4 a6
25.Qg3 axb5 26.Qxg6 Qxd4+ 27.Kh1 Rac8 28.Rxc8 Rxc8 29.Nf1 Qf2
30.Ng3 Rc1+ 31.Bf1 Rxf1+ 32.Nxf1 Qxh4 33.Qf5 Qh5 34.Qc8+ Qe8
35.Qxb7 e3 36.Nxe3 Qxe3 37.Qxb5 Ng8 38.Qf1 Qxa3 39.b5 Qc5 40.Qe2
Be5 41.Qf1 Nf6 0-1

[Event "Frantisek Zita Memorial (13. Prague Festival)"]
[Site "Praha"]
[Date "2017.07.02"]
[Round "2.1"]
[White "Strebkovs, Andrejs"]
[Black "Istona, Martin"]
[Result "1-0"]
[WhiteElo "2321"]
[BlackElo "2263"]
[Annotator ""]
[Source ""]
[Remark ""]

1.c4 g6 2.g3 Bg7 3.Bg2 c5 4.Nc3 Nc6 5.Nf3 e6 6.O-O Nge7 7.d3
d5 8.cxd5 exd5 9.Bg5 h6 10.Bd2 O-O 11.Rb1 b6 12.a3 d4 13.Na4
Be6 14.b4 cxb4 15.axb4 Nd5 16.Qc1 Rc8 17.Qa3 Qd7 18.Rfe1 Rfd8
19.e4 dxe3 20.fxe3 Nf6 21.b5 Ne7 22.Ne5 Qc7 23.d4 Bd5 24.Bb4
Nf5 25.Nc6 Bxg2 26.Kxg2 Re8 27.Qd3 Ne4 28.d5 Qd7 29.Re2 h5 30.Be1
Nfd6 31.Nc3 h4 32.Nxe4 Nxe4 33.Rb4 Qf5 34.d6 h3+ 35.Kg1 Nxg3
36.Qxf5 Nxe2+ 37.Kf1 gxf5 38.d7 Nc3 39.dxc8Q 1-0

[Event "Frantisek Zita Memorial (13. Prague Festival)"]
[Site "Praha"]
[Date "2017.07.02"]
[Round "2.2"]
[White "Prithu, Gupta"]
[Black "Pribylova, Sofie"]
[Result "1-0"]
[WhiteElo "2293"]
[BlackElo "1970"]
[Annotator ""]
[Source ""]
[Remark ""]

1.e4 d6 2.d4 Nf6 3.Nc3 Nbd7 4.Nf3 e5 5.Bc4 Be7 6.a4 c6 7.O-O
h6 8.Ba2 Qc7 9.a5 Nf8 10.Nh4 g6 11.f4 Be6 12.Nf3 exd4 13.Nxd4
Bxa2 14.Rxa2 O-O-O 15.a6 b6 16.Be3 d5 17.Qf3 Ne6 18.exd5 Nxd5
19.Ndb5 Qb8 20.Nxd5 cxd5 21.c4 Rd7 22.cxd5 Nc7 23.Rc1 Kd8 24.Nd4
Ke8 25.Nc6 Qa8 26.Bd4 f6 27.b4 Kf7 28.Nxe7 Kxe7 29.d6+ Kxd6 30.Be5+
Ke6 31.Qg4+ Ke7 32.Bxc7 Qd5 33.Qxg6 Rxc7 34.Qg7+ Ke6 35.Re2+
Kf5 36.g4+ 1-0

[Event "Frantisek Zita Memorial (13. Prague Festival)"]
[Site "Praha"]
[Date "2017.07.02"]
[Round "2.3"]
[White "Vokoun, Jan"]
[Black "Pribyl, Josef"]
[Result "1/2-1/2"]
[WhiteElo "2104"]
[BlackElo "2256"]
[Annotator ""]
[Source ""]
[Remark ""]

1.e4 c6 2.d3 d5 3.Nd2 e5 4.Ngf3 Bd6 5.Be2 Nf6 6.O-O O-O 7.h3
Re8 8.c3 a5 9.a4 Na6 10.Re1 h6 11.Qc2 Nc7 12.Bf1 Bd7 13.Nb3 Nh7
14.Be3 Ne6 15.Nbd2 Nhg5 16.Qb3 Nxf3+ 17.Nxf3 dxe4 18.dxe4 1/2-1/2

[Event "Frantisek Zita Memorial (13. Prague Festival)"]
[Site "Praha"]
[Date "2017.07.02"]
[Round "2.4"]
[White "Burdalev, Kirill"]
[Black "Rahul, Srivatshav Peddi"]
[Result "1/2-1/2"]
[WhiteElo "2343"]
[BlackElo "2295"]
[Annotator ""]
[Source ""]
[Remark ""]

1.Nf3 Nf6 2.c4 g6 3.Nc3 Bg7 4.e4 d6 5.d4 O-O 6.Be2 e5 7.O-O Nc6
8.dxe5 dxe5 9.Qxd8 Nxd8 10.h3 c6 11.Be3 Nd7 12.c5 Ne6 13.b4 Nd4
14.Bd3 Nxf3+ 15.gxf3 Rd8 16.Bc4 Nf8 17.Kg2 Be6 18.Bxe6 Nxe6 19.Rfd1
a5 20.Rxd8+ Rxd8 21.bxa5 Rd3 22.Na4 Ra3 23.Nb6 Rxa5 24.Nc4 Ra4
25.Nd6 Rb4 26.Bd2 Rb2 27.Bc1 Rb4 28.Bd2 Nf4+ 29.Kf1 Rb2 30.Bc1
Rb4 31.Bd2 Rb2 1/2-1/2

[Event "Frantisek Zita Memorial (13. Prague Festival)"]
[Site "Praha"]
[Date "2017.07.02"]
[Round "2.5"]
[White "Soural, Jan"]
[Black "Kulhanek, Tomas"]
[Result "1/2-1/2"]
[WhiteElo "2217"]
[BlackElo "2347"]
[Annotator ""]
[Source ""]
[Remark ""]

1.d4 e6 2.c4 Nf6 3.Nc3 Bb4 4.e3 O-O 5.Nge2 Re8 6.a3 Bf8 7.Ng3
d5 8.Be2 c5 9.dxc5 Bxc5 10.b4 Bd6 11.Bb2 Nc6 12.O-O dxc4 13.Bxc4
a6 14.Rc1 Qe7 15.Nh5 Rd8 16.Nxf6+ Qxf6 17.Qh5 Qg6 18.Qxg6 hxg6
19.Rfd1 Kf8 20.Be2 Be5 21.Rxd8+ Nxd8 22.Rd1 Nc6 23.Bf3 Ke7 24.Na4
Bxb2 25.Nxb2 Ne5 1/2-1/2

[Event "Frantisek Zita Memorial (13. Prague Festival)"]
[Site "Praha"]
[Date "2017.07.03"]
[Round "3.1"]
[White "Kulhanek, Tomas"]
[Black "Strebkovs, Andrejs"]
[Result "1/2-1/2"]
[WhiteElo "2347"]
[BlackElo "2321"]
[Annotator ""]
[Source ""]
[Remark ""]

1.e4 g6 2.d4 Bg7 3.Nc3 d6 4.f4 a6 5.Nf3 b5 6.Bd3 Bb7 7.O-O Nd7
8.e5 Nh6 9.a4 b4 10.Ne4 a5 11.Qe2 O-O 12.e6 f5 13.Neg5 Nb6 14.h3
c5 15.dxc5 dxc5 16.Bb5 Qc7 17.Ne5 Nd5 18.Nd7 Rfd8 19.Kh1 Rac8
20.Qf2 Qd6 21.Rd1 Qc7 22.Qh4 Nf6 23.Be3 Bc6 24.Bxc6 Qxc6 25.Nf7
Qxe6 26.Nxd8 Qxe3 27.Nxf6+ Bxf6 28.Qxh6 Bg7 29.Qh4 Bf6 30.Qe1
Qxe1+ 31.Rxe1 Rxd8 32.Rad1 Rc8 33.Rd7 c4 34.b3 Bh4 35.Red1 Kf7
36.R7d5 cxb3 37.cxb3 Ra8 38.Kh2 Bf2 39.g3 Bb6 40.Rb5 Bd8 41.Kg2
Kf6 42.g4 fxg4 43.hxg4 Bc7 44.Kf3 Ke6 45.Ke4 Rf8 46.f5+ gxf5+
47.gxf5+ Kf6 48.Rh1 Rg8 49.Rh6+ Kg7 50.Rc6 Bd6 51.Rxa5 Kf6 52.Rc1
Rg4+ 53.Kd5 Rg3 54.Rb1 h5 55.Ra8 h4 56.Rh8 h3 57.a5 Rc3 58.a6
Rc5+ 59.Ke4 Re5+ 60.Kd4 Ra5 61.Rxh3 Rxa6 62.Rf1 Ra5 63.Rh6+ Kg7
64.Rxd6 exd6 65.f6+ Kf7 66.Kc4 Re5 67.Kxb4 Re6 68.Ka5 Rxf6 69.Rb1
d5 70.b4 Ke7 71.b5 Kd7 72.Rc1 d4 73.b6 Rf2 74.b7 Rb2 75.Ka6 d3
76.Rd1 Kc7 77.Rc1+ Kd7 78.Rd1 Kc7 79.Rxd3 Ra2+ 80.Kb5 1/2-1/2

[Event "Frantisek Zita Memorial (13. Prague Festival)"]
[Site "Praha"]
[Date "2017.07.03"]
[Round "3.2"]
[White "Rahul, Srivatshav Peddi"]
[Black "Soural, Jan"]
[Result "1/2-1/2"]
[WhiteElo "2295"]
[BlackElo "2217"]
[Annotator ""]
[Source ""]
[Remark ""]

1.d4 Nf6 2.c4 g6 3.Nc3 d5 4.cxd5 Nxd5 5.e4 Nxc3 6.bxc3 Bg7 7.Qa4+
Nd7 8.Nf3 O-O 9.Be2 c5 10.O-O Qc7 11.Be3 e6 12.Qb3 b6 13.a4 Bb7
14.Nd2 Rfc8 15.a5 cxd4 16.cxd4 Qc2 17.Qb5 Bc6 18.Qd3 Qxd3 19.Bxd3
b5 20.a6 Nb6 21.Rfc1 Be8 22.Rab1 Na4 23.Nb3 Rc3 24.Rxc3 Nxc3
25.Rc1 Na2 26.Rb1 Nb4 27.Nc5 Nxd3 28.Nxd3 Rd8 29.e5 Rc8 30.Nc5
Bf8 31.Ne4 Be7 32.h4 Rc6 33.Ra1 Bd7 34.Bg5 Kf8 35.Bxe7+ Kxe7
36.Nc5 Rb6 37.Kf1 Bc6 38.g3 Bd5 39.Ke2 b4 40.Kd3 b3 41.Kc3 1/2-1/2

[Event "Frantisek Zita Memorial (13. Prague Festival)"]
[Site "Praha"]
[Date "2017.07.03"]
[Round "3.3"]
[White "Pribyl, Josef"]
[Black "Burdalev, Kirill"]
[Result "1/2-1/2"]
[WhiteElo "2256"]
[BlackElo "2343"]
[Annotator ""]
[Source ""]
[Remark ""]

1.d4 Nf6 2.Nf3 d5 3.g3 c6 4.Bg2 Bg4 5.Nbd2 e6 6.h3 Bh5 7.g4 Bg6
8.Ne5 Nbd7 9.Nxg6 hxg6 10.e4 dxe4 11.Nxe4 Nxe4 12.Bxe4 Nf6 13.Bg2
Bd6 14.c4 Qc7 15.Qf3 Bb4+ 16.Kf1 Rd8 17.Be3 e5 18.Qg3 Bd6 19.c5
Be7 20.dxe5 Nd5 21.Rc1 Bh4 22.Qf3 Qxe5 23.Qe4 Qxe4 24.Bxe4 Bf6
25.Bxd5 Rxd5 26.Ke2 O-O 27.Rhd1 Rfd8 28.Rxd5 Rxd5 29.b3 Kf8 30.Rc4
Be7 31.Rd4 Rxd4 32.Bxd4 g5 33.Kd3 f6 34.Be3 Kf7 35.Kd4 Ke6 36.b4
b5 37.cxb6 axb6 38.Ke4 b5 39.Bc5 Bd8 40.f4 g6 41.f5+ gxf5+ 42.gxf5+
Kd7 43.Kf3 Ke8 44.Kg4 Kf7 1/2-1/2

[Event "Frantisek Zita Memorial (13. Prague Festival)"]
[Site "Praha"]
[Date "2017.07.03"]
[Round "3.4"]
[White "Pribylova, Sofie"]
[Black "Vokoun, Jan"]
[Result "0-1"]
[WhiteElo "1970"]
[BlackElo "2104"]
[Annotator ""]
[Source ""]
[Remark ""]

1.d4 Nf6 2.Bf4 c5 3.d5 g6 4.Nc3 a6 5.a4 Bg7 6.e4 d6 7.Nf3 O-O
8.Be2 Nbd7 9.O-O Ne8 10.a5 b6 11.axb6 Qxb6 12.Na4 Qb7 13.Bg5
Nef6 14.Nd2 Nb6 15.Nxb6 Qxb6 16.b3 Qc7 17.Bc4 h6 18.Bxf6 Bxf6
19.Ra4 Qb6 20.Qe2 a5 21.Bb5 e6 22.Bc6 Ra7 23.Nc4 Qc7 24.Qd2 exd5
25.Bxd5 Bg5 26.f4 Bd8 27.Nxd6 Ba6 28.Rf3 c4 29.Nxc4 Bb5 30.Ra2
a4 31.Ne5 axb3 32.cxb3 Qc5+ 33.Qe3 Qxe3+ 34.Rxe3 Rxa2 35.Nxg6
Bb6 36.Ne7+ Kh8 37.Nf5 Re2 0-1

[Event "Frantisek Zita Memorial (13. Prague Festival)"]
[Site "Praha"]
[Date "2017.07.03"]
[Round "3.5"]
[White "Istona, Martin"]
[Black "Prithu, Gupta"]
[Result "0-1"]
[WhiteElo "2263"]
[BlackElo "2293"]
[Annotator ""]
[Source ""]
[Remark ""]

1.e4 e5 2.Nf3 Nc6 3.d4 exd4 4.Nxd4 Bc5 5.Nb3 Bb6 6.Nc3 Nf6 7.Qe2
O-O 8.Bg5 Nd4 9.Qd2 Ne6 10.Be3 c6 11.Be2 d5 12.exd5 Bxe3 13.Qxe3
Nxd5 14.Nxd5 Qxd5 15.O-O Nc7 16.Qf4 Qd8 17.Rad1 Nd5 18.Qd4 Qc7
19.Bf3 Nf6 20.Rfe1 Bf5 21.Qc5 Bg6 22.Re7 Qb6 23.Qc3 Rfe8 24.Rde1
Rxe7 25.Rxe7 Re8 26.Rxe8+ Nxe8 27.Qe5 Qd8 28.Nd4 Nf6 29.c3 h6
30.h4 Qe8 31.Qxe8+ Nxe8 32.Kf1 Nd6 33.b4 Nc4 34.Ke1 Bb1 35.a4
a5 36.Be2 Nb2 37.bxa5 Nxa4 38.a6 bxa6 39.Nxc6 Be4 40.Ne5 Nxc3
41.Bxa6 Bxg2 42.f3 Bh3 43.Bc4 Be6 44.Bxe6 fxe6 45.Kd2 Nd5 46.Kd3
Kf8 47.Ke4 Ke7 48.f4 Nf6+ 49.Kd4 Ne8 50.Ke4 Nd6+ 51.Kf3 h5 52.Nc6+
Kf6 53.Kg3 Nf5+ 54.Kh3 Ne7 55.Nd4 Nd5 56.Kg3 Nxf4 57.Kxf4 e5+ 0-1

[Event "Frantisek Zita Memorial (13. Prague Festival)"]
[Site "Praha"]
[Date "2017.07.04"]
[Round "4.1"]
[White "Strebkovs, Andrejs"]
[Black "Prithu, Gupta"]
[Result "1-0"]
[WhiteElo "2321"]
[BlackElo "2293"]
[Annotator ""]
[Source ""]
[Remark ""]

1.d4 d5 2.Nf3 Nf6 3.c4 c6 4.e3 e6 5.Bd3 dxc4 6.Bxc4 b5 7.Bd3
Bb7 8.O-O Nbd7 9.e4 Be7 10.Qe2 a6 11.a4 bxa4 12.Nc3 c5 13.e5
Nd5 14.Rxa4 N7b6 15.Ra1 cxd4 16.Nxd4 Nxc3 17.bxc3 Nd5 18.Bd2
Bc5 19.Nb3 Qc7 20.Bxa6 Bxa6 21.Rxa6 O-O 22.Rfa1 Rxa6 23.Qxa6
Be7 24.c4 Nb4 25.Qa7 Qxc4 26.Qxe7 Nc2 27.Rb1 Qd3 28.Bg5 Nd4 29.Ra1
Ne2+ 30.Kh1 Rc8 31.Qb7 Qc2 32.h3 h6 33.Be3 Rd8 34.Nd2 Rxd2 35.Bxd2
Qxd2 36.Qa8+ Kh7 37.Qe4+ g6 38.Qf3 Nf4 39.Kh2 Qd4 40.Re1 g5 41.g3
Qd5 42.Re4 Nd3 43.Qxf7+ Kh8 44.Qf6+ Kh7 45.Ra4 Nxe5 46.Ra7+ Nd7
47.Qf7+ Kh8 48.Rxd7 1-0

[Event "Frantisek Zita Memorial (13. Prague Festival)"]
[Site "Praha"]
[Date "2017.07.04"]
[Round "4.2"]
[White "Vokoun, Jan"]
[Black "Istona, Martin"]
[Result "1/2-1/2"]
[WhiteElo "2104"]
[BlackElo "2263"]
[Annotator ""]
[Source ""]
[Remark ""]

1.e4 c5 2.Be2 Nc6 3.f4 g6 4.Nf3 Bg7 5.O-O d6 6.c3 Nf6 7.d3 O-O
8.Na3 Rb8 9.Nc2 b5 10.Qe1 b4 11.Bd2 bxc3 12.Bxc3 d5 13.Ne5 Nxe5
14.Bxe5 Rb6 15.Qa5 dxe4 16.dxe4 Nxe4 17.Rad1 Qe8 18.Qxa7 Rb7
19.Qa3 f6 20.Bc3 Nxc3 21.bxc3 e5 22.Qxc5 exf4 23.Bc4+ Kh8 24.Rxf4
Bh6 25.Rf2 Re7 26.Rff1 Re5 27.Qd6 Be6 28.Bxe6 Rxe6 29.Qd7 Re2
30.Qxe8 Rfxe8 31.Rf2 Be3 32.Nxe3 R8xe3 33.Rxf6 Kg7 34.Rf2 Rxf2
35.Kxf2 Rxc3 36.Rd7+ Kf6 37.Rxh7 Rc2+ 38.Kg3 Rxa2 39.h4 Ra3+
40.Kg4 Ra4+ 41.Kh3 Ra3+ 42.g3 Rb3 43.Rd7 Ra3 44.Kg4 Ra4+ 45.Kf3
Ra3+ 46.Kf4 Ra4+ 47.Ke3 Rg4 48.Kf3 Ra4 49.Rd6+ Kf7 50.g4 Rb4
51.Rd3 Ra4 52.Re3 Kf6 53.Re4 Ra3+ 54.Kf4 Ra5 55.Rc4 g5+ 56.hxg5+
Kg6 57.Rc6+ Kg7 58.Re6 Rb5 59.Re5 Rb6 60.Kf5 Kf7 61.g6+ Kg7 62.Re7+
Kg8 63.Kg5 Rb1 64.Kf6 Rf1+ 65.Kg5 Ra1 66.Rb7 Rc1 67.g7 Rc6 68.Kh5
Ra6 69.g5 Rc6 70.Ra7 1/2-1/2

[Event "Frantisek Zita Memorial (13. Prague Festival)"]
[Site "Praha"]
[Date "2017.07.04"]
[Round "4.3"]
[White "Burdalev, Kirill"]
[Black "Pribylova, Sofie"]
[Result "1-0"]
[WhiteElo "2343"]
[BlackElo "1970"]
[Annotator ""]
[Source ""]
[Remark ""]

1.Nf3 Nf6 2.c4 c5 3.Nc3 b6 4.d4 cxd4 5.Nxd4 Bb7 6.Bg5 Ne4 7.Nxe4
Bxe4 8.f3 Bb7 9.e4 g6 10.Be2 Bg7 11.Qd2 h6 12.Be3 Nc6 13.Nb5
d6 14.O-O h5 15.Rac1 Rc8 16.Rfd1 O-O 17.b3 a6 18.Nc3 Ne5 19.Nd5
Nd7 20.Bg5 Bxd5 21.exd5 Nf6 22.b4 Qc7 23.Kh1 Qb7 24.Rc2 Rc7 25.Rdc1
Rfc8 26.a3 Qa8 27.Bf1 Qb7 28.Be3 Kh7 29.Qf2 b5 30.Bb6 Rd7 31.Rd1
Rb8 32.Ba5 e5 33.dxe6 fxe6 34.cxb5 axb5 35.Bd3 e5 36.Rdc1 Rf8
37.Qe2 Rdf7 38.Bxb5 d5 39.Ba6 Qa7 40.b5 e4 41.b6 exf3 42.gxf3
Qd7 43.Rc7 Qh3 44.Rxf7 Rxf7 45.Bc8 Nd7 46.b7 Be5 47.Bc7 Bxc7
48.Rxc7 Rxf3 49.Rxd7+ Kh6 50.Rh7+ 1-0

[Event "Frantisek Zita Memorial (13. Prague Festival)"]
[Site "Praha"]
[Date "2017.07.04"]
[Round "4.4"]
[White "Soural, Jan"]
[Black "Pribyl, Josef"]
[Result "1/2-1/2"]
[WhiteElo "2217"]
[BlackElo "2256"]
[Annotator ""]
[Source ""]
[Remark ""]

1.d4 d6 2.Nf3 Bg4 3.c4 Nf6 4.Nc3 Bxf3 5.exf3 g6 6.g3 Bg7 7.Bg2
c6 8.O-O O-O 9.d5 c5 10.Qd2 Nbd7 11.b3 a6 12.a4 Ne8 13.Bb2 Nc7
14.Rfe1 Re8 15.Bf1 Ne5 16.Kg2 Qd7 17.a5 Qd8 18.Na4 Nd7 19.Bxg7
Kxg7 20.b4 cxb4 21.Reb1 Rb8 22.Rxb4 Na8 23.Qb2+ Kg8 24.Rxb7 Qxa5
25.Nb6 Qxa1 26.Qxa1 Rxb7 27.Nxd7 Rxd7 28.Qxa6 Rc7 29.h4 Rc5 30.h5
Nc7 31.Qa4 Ra8 32.Qd7 Kf8 33.Qh3 Kg8 34.Qd7 Kf8 35.Qh3 Kg8 36.Qh4
e5 37.Qe7 Ne8 38.Qb7 Rac8 39.h6 R5c7 40.Qb6 Kf8 41.Qe3 f6 42.f4
Rf7 43.Bd3 Rcc7 44.f5 g5 45.Be2 Rc5 46.Bh5 Rb7 47.Bxe8 Kxe8 48.Qa3
Rbc7 49.Qa6 Ke7 50.Qa8 Rc8 51.Qb7+ R5c7 52.Qb6 Rxc4 53.Qb7+ R4c7
54.Qb4 Rc4 55.Qb7+ R4c7 56.Qb4 Rc4 57.Qb7+ 1/2-1/2

[Event "Frantisek Zita Memorial (13. Prague Festival)"]
[Site "Praha"]
[Date "2017.07.04"]
[Round "4.5"]
[White "Kulhanek, Tomas"]
[Black "Rahul, Srivatshav Peddi"]
[Result "0-1"]
[WhiteElo "2347"]
[BlackElo "2295"]
[Annotator ""]
[Source ""]
[Remark ""]

1.e4 e6 2.d3 d5 3.Nd2 Nf6 4.Ngf3 c5 5.g3 g6 6.Bg2 Bg7 7.O-O O-O
8.Re1 Nc6 9.c3 Re8 10.e5 Nd7 11.d4 f6 12.exf6 Qxf6 13.Nf1 cxd4
14.cxd4 Nxd4 15.Nxd4 Qxd4 16.Qxd4 Bxd4 17.Bxd5 Nc5 18.Bc4 b6
19.Rd1 Bf6 20.Ne3 Bb7 21.Ng4 Bg7 22.Nh6+ Kf8 23.Be3 Red8 24.f3
Bxb2 25.Rab1 Rxd1+ 26.Rxd1 Bc6 27.Kf2 Ke7 28.Bf4 Ba4 29.Bg5+
Bf6 30.Bxf6+ Kxf6 31.Rd4 Ke7 32.Ke3 b5 33.Be2 a5 34.Rh4 b4 35.Ng4
Kd6 36.Rxh7 Bc6 37.Kd4 e5+ 38.Ke3 a4 39.Rg7 b3 40.Rxg6+ Ne6 41.Bc4
Bd5 42.Bxd5 Kxd5 43.axb3 a3 44.Kd2 a2 45.Ne3+ Kc5 46.b4+ Kb5
47.Nc2 Nd4 48.Na1 Ka4 49.b5 Kxb5 50.f4 Kc4 51.Ke3 Nb3 52.Nc2
exf4+ 53.gxf4 Re8+ 54.Kf2 Nd4 55.Na1 Re2+ 56.Kg3 Re1 57.Ra6 Rxa1
58.Kh4 Kd5 59.Kh5 Ke4 60.Ra4 Kf5 61.h4 Nf3 62.Ra5+ Kxf4 63.Ra4+
Ke3 64.Ra3+ Ke2 0-1

[Event "Frantisek Zita Memorial (13. Prague Festival)"]
[Site "Praha"]
[Date "2017.07.05"]
[Round "5.1"]
[White "Rahul, Srivatshav Peddi"]
[Black "Strebkovs, Andrejs"]
[Result "1-0"]
[WhiteElo "2295"]
[BlackElo "2321"]
[Annotator ""]
[Source ""]
[Remark ""]

1.d4 g6 2.c4 d6 3.Nc3 Bg7 4.e4 c6 5.Be2 e5 6.Nf3 Nd7 7.Be3 Nh6
8.h3 f6 9.Qd2 Nf7 10.O-O-O a6 11.g4 O-O 12.d5 Qa5 13.h4 Nc5 14.g5
f5 15.h5 fxe4 16.Nh4 Nd3+ 17.Bxd3 exd3 18.hxg6 hxg6 19.Nxg6 Re8
20.Qxd3 Bg4 21.Ne4 Qxa2 22.Rdg1 Bf5 23.Nf6+ Bxf6 24.gxf6 Qa1+
25.Kd2 Qxb2+ 26.Ke1 Qa1+ 27.Qd1 Qxd1+ 28.Kxd1 Bxg6 29.Rxg6+ Kf8
30.Rg7 Rec8 31.Rhh7 Rc7 32.Bh6 1-0

[Event "Frantisek Zita Memorial (13. Prague Festival)"]
[Site "Praha"]
[Date "2017.07.05"]
[Round "5.2"]
[White "Pribyl, Josef"]
[Black "Kulhanek, Tomas"]
[Result "1/2-1/2"]
[WhiteElo "2256"]
[BlackElo "2347"]
[Annotator ""]
[Source ""]
[Remark ""]

1.d4 Nf6 2.Nf3 e6 3.g3 b5 4.Bg2 Bb7 5.O-O Be7 6.Bg5 O-O 7.Nbd2
d5 8.a4 b4 9.c3 bxc3 10.bxc3 c5 11.Rb1 Ba6 12.Ne5 h6 13.Be3 1/2-1/2

[Event "Frantisek Zita Memorial (13. Prague Festival)"]
[Site "Praha"]
[Date "2017.07.05"]
[Round "5.3"]
[White "Pribylova, Sofie"]
[Black "Soural, Jan"]
[Result "1/2-1/2"]
[WhiteElo "1970"]
[BlackElo "2217"]
[Annotator ""]
[Source ""]
[Remark ""]

1.d4 Nf6 2.Bf4 g6 3.e3 Bg7 4.Nf3 d6 5.h3 O-O 6.Be2 Nbd7 7.O-O
c5 8.c3 b6 9.Nbd2 Bb7 10.a4 a6 11.Re1 Ra7 12.Bd3 e5 13.dxe5 dxe5
14.Bxe5 Nxe5 15.Nxe5 Nh5 1/2-1/2

[Event "Frantisek Zita Memorial (13. Prague Festival)"]
[Site "Praha"]
[Date "2017.07.05"]
[Round "5.4"]
[White "Istona, Martin"]
[Black "Burdalev, Kirill"]
[Result "0-1"]
[WhiteElo "2263"]
[BlackElo "2343"]
[Annotator ""]
[Source ""]
[Remark ""]

1.e4 e6 2.d4 d5 3.e5 c5 4.c3 Qb6 5.Nf3 Nc6 6.a3 Nh6 7.b4 cxd4
8.Bxh6 gxh6 9.cxd4 Bd7 10.Ra2 Rg8 11.g3 Rg4 12.Rd2 Rc8 13.Be2
a5 14.b5 Na7 15.a4 Bb4 16.O-O Bxd2 17.Qxd2 Ke7 18.Qxh6 Rcg8 19.Bd3
Qd8 20.Nc3 Qf8 21.Qf6+ Ke8 22.Bxh7 Rh8 23.Bd3 Rh6 0-1

[Event "Frantisek Zita Memorial (13. Prague Festival)"]
[Site "Praha"]
[Date "2017.07.05"]
[Round "5.5"]
[White "Prithu, Gupta"]
[Black "Vokoun, Jan"]
[Result "1-0"]
[WhiteElo "2293"]
[BlackElo "2104"]
[Annotator ""]
[Source ""]
[Remark ""]

1.e4 d6 2.d4 Nf6 3.Nc3 g6 4.Be3 c6 5.Qd2 b5 6.Bd3 Nbd7 7.Nf3
b4 8.Ne2 Rb8 9.e5 Nd5 10.Bh6 dxe5 11.Bxf8 Nxf8 12.Nxe5 Qd6 13.O-O
Ne6 14.Qh6 Nf6 15.Bc4 Ng8 16.Qe3 Nf6 17.f4 Nd8 18.Qg3 Bf5 19.Bb3
O-O 20.Qe3 Ne6 21.h3 c5 22.Rad1 Nxd4 23.Nxd4 cxd4 24.Rxd4 Qb6
25.Kh2 Be6 26.Rfd1 Bxb3 27.Qxb3 Rb7 28.Kh1 e6 29.Nc4 Qc7 30.Ne3
a5 31.Qd3 Qc6 32.f5 Rb6 33.Nc4 Ra6 34.Ne5 Qc8 35.fxg6 hxg6 36.Nxg6 1-0